| 000 | 00933nam a2200241 i 4500 | ||
|---|---|---|---|
| 001 | 65576 | ||
| 003 | ES-MaACL | ||
| 005 | 20250801201857.0 | ||
| 007 | t| | ||
| 008 | 040116s1966 sp ||||1| spa d | ||
| 080 | _a2(082) | ||
| 100 | 1 |
_aFries, Heinrich. _952661 |
|
| 245 | 1 | 0 |
_aConceptos fundamentales de la teología / _cdirigido por Heinrich Fries ; [lo tradujeron al castellano un grupo de profesores bajo la dirección de Alfonso de la Fuente Adanez]. |
| 260 |
_aMadrid : _bCristiandad, _c1966. |
||
| 300 |
_a4 v. ; _c22 cm. |
||
| 490 | 1 |
_aTeología y Siglo XX ; _v8 |
|
| 505 | 8 | _aContiene:1. Adán-Escritura -- 2. Esperanza-mediador -- 3. Meditación-Protestantismo -- 4. Rendención-virtud | |
| 650 | 0 | 7 |
_aTeología _2embne _917457 |
| 700 | 0 |
_aFuente Adánez, Alfonso de la. _952860 |
|
| 830 | 0 |
_aTeología y Siglo XX ; _v8 _9191015 |
|
| 852 |
_aES-MaACL _jE-15420-23 _bR.61618 _xP-1144 |
||
| 999 |
_c65576 _d65576 |
||